|
|
|
|
| LEADER |
00890pam a22002538a 4500 |
| 001 |
00045778 |
| 005 |
20200903080943.0 |
| 008 |
170518s2006 ||||||Viesd |
| 020 |
# |
# |
|c 12000
|a 9786040195647
|
| 041 |
0 |
# |
|a Vie
|
| 082 |
1 |
4 |
|a 372.5
|b M300TH
|
| 100 |
# |
# |
|a Đinh, Gia Lê
|e Chủ biên
|
| 245 |
1 |
0 |
|a Mĩ thuật 1
|c Đinh Gia Lê (chủ biên); Phạm Duy Anh, Trần Thị Biển
|
| 260 |
# |
# |
|a Hà Nội
|b Giáo dục
|c 2020
|
| 300 |
# |
# |
|a 71 tr.
|c 27 cm
|
| 490 |
# |
# |
|a Kết nối tri thức với cuộc sống
|
| 653 |
# |
# |
|a Lớp 1
|
| 653 |
# |
# |
|a Mĩ thuật
|
| 653 |
# |
# |
|a Sách giáo khoa
|
| 700 |
# |
# |
|a Phạm, Duy Anh
|
| 700 |
# |
# |
|a Trần, Thị Biển
|
| 852 |
# |
# |
|j KGT.0060018
|j KD.0027384
|j KGT.0060017
|j KGT.0060016
|j KGT.0060015
|
| 910 |
# |
# |
|d 3/9/2020
|
| 980 |
# |
# |
|a Trung tâm Học liệu Lê Vũ Hùng, Trường Đại học Đồng Tháp
|